Shri Haribhaktivilas (Record no. 1401936)

MARC details
000 -LEADER
fixed length control field 00593nam a2200265Ia 4500
008 - FIXED-LENGTH DATA ELEMENTS--GENERAL INFORMATION
fixed length control field 161027s9999||||xx |||||||||||||| ||und||
040 ## - CATALOGING SOURCE
Transcribing agency Sanskrit
082 ## - DEWEY DECIMAL CLASSIFICATION NUMBER
Classification number V
082 ## - DEWEY DECIMAL CLASSIFICATION NUMBER
Item number BORI-53684
245 ## - TITLE STATEMENT
Title Shri Haribhaktivilas
250 ## - EDITION STATEMENT
Remainder of edition statement Second Part
260 ## - PUBLICATION, DISTRIBUTION, ETC. (IMPRINT)
Place of publication, distribution, etc Mathura
260 ## - PUBLICATION, DISTRIBUTION, ETC. (IMPRINT)
Name of publisher, distributor, etc Shri Haridas
260 ## - PUBLICATION, DISTRIBUTION, ETC. (IMPRINT)
Date of publication, distribution, etc 1985
300 ## - PHYSICAL DESCRIPTION
Extent 260PP
300 ## - PHYSICAL DESCRIPTION
Dimensions C
300 ## - PHYSICAL DESCRIPTION
Accompanying material Hardbound
530 ## - ADDITIONAL PHYSICAL FORM AVAILABLE NOTE
Uniform Resource Identifier <a href="00002793.jpeg">00002793.jpeg</a>
563 ## - BINDING INFORMATION
Binding note Text
630 ## - SUBJECT ADDED ENTRY--UNIFORM TITLE
Uniform title Shri Haribhaktivilas
650 ## - SUBJECT ADDED ENTRY--TOPICAL TERM
Topical term or geographic name as entry element Dharmashastra
650 ## - SUBJECT ADDED ENTRY--TOPICAL TERM
Topical term or geographic name as entry element Dharmashastra
730 ## - ADDED ENTRY--UNIFORM TITLE
Uniform title Shri Haribhaktivilas
942 ## - ADDED ENTRY ELEMENTS (KOHA)
Koha item type Book
Holdings
Withdrawn status Lost status Damaged status Not for loan Home library Current library Date acquired Total Checkouts Full call number Barcode Date last seen Price effective from Koha item type
        Bhandarkar Oriental Research Institute, Pune Bhandarkar Oriental Research Institute, Pune 10/27/2016   BORI-53684 BORI-53684 10/27/2016 10/27/2016 Book